| 000 | 00519cam a2200145 4500500 | ||
|---|---|---|---|
| 005 | 20251228082844.0 | ||
| 041 | _afre | ||
| 042 | _adc | ||
| 100 | 1 | 0 |
_aTrivisani-Moreau, Isabelle _eauthor |
| 245 | 0 | 0 | _aBois et forêts dans l'univers romanesque de la seconde moitié du XVIIe siècle |
| 260 | _c2005. | ||
| 500 | _a100 | ||
| 786 | 0 | _nDix-septième siècle | 226 | 1 | 2005-03-01 | p. 29-39 | 0012-4273 | |
| 856 | 4 | 1 | _uhttps://shs.cairn.info/revue-dix-septieme-siecle-2005-1-page-29?lang=fr&redirect-ssocas=7080 |
| 999 |
_c1599961 _d1599961 |
||